[Event "Pan American-ch School U11 Girls 12th"]
[Site "Callao"]
[Date "2023.10.18"]
[Round "5"]
[White "Leandro Huerta, Jasmin Anahi"]
[Black "Machaca Mina, Adamaris Luciana"]
[Result "0-1"]
[WhiteElo "1018"]
[BlackElo "1265"]
[PlyCount "46"]
[EventDate "2023.10.16"]
[EventType "swiss"]
[EventRounds "9"]
[EventCountry "PER"]
[SourceTitle "CB48_2023"]
[SourceDate "2023.11.29"]
[SourceVersion "1"]
[SourceVersionDate "2023.11.29"]
[SourceQuality "1"]

1. e4 e5 2. Nf3 Nf6 3. Nxe5 d6 4. Nf3 Nxe4 5. d4 d5 6. Bd3 Bd6 7. 0-0 Bg4 8. h3 Bf5 9. Re1 0-0 10. Nbd2 Re8 11. Nxe4 dxe4 12. Ng5 exd3 13. Rxe8+ Qxe8 14. cxd3 h6 15. Nf3 Nc6 16. Be3 Rd8 17. a3 Be7 18. Rc1 Bf6 19. Rc5 Bg6 20. Qb3 b6 21. Rc4 Qe6 22. Qb5 Bxd3 23. Qxc6 Qxc4 0-1

[Event "Pan American-ch School U11 Girls 12th"]
[Site "Callao"]
[Date "2023.10.16"]
[Round "2"]
[White "Machaca Mina, Adamaris Luciana"]
[Black "Yarpas Flores, Heidy Enara"]
[Result "1-0"]
[WhiteElo "1265"]
[BlackElo "1076"]
[PlyCount "51"]
[EventDate "2023.10.16"]
[EventType "swiss"]
[EventRounds "9"]
[EventCountry "PER"]
[SourceTitle "CB48_2023"]
[SourceDate "2023.11.29"]
[SourceVersion "1"]
[SourceVersionDate "2023.11.29"]
[SourceQuality "1"]

1. d4 d5 2. e3 Nf6 3. Bd3 e6 4. Nd2 Be7 5. f4 0-0 6. Ngf3 c5 7. c3 Bd7 8. 0-0 Nc6 9. Ne5 Nxe5 10. fxe5 Ne8 11. Rf3 f6 12. Rh3 f5 13. Qh5 h6 14. Qg6 Bg5 15. Nf3 Nc7 16. Nxg5 Qxg5 17. Qxg5 hxg5 18. Rf3 c4 19. Bc2 Kf7 20. e4 Kg6 21. exf5+ exf5 22. Bd2 Rh8 23. g4 Raf8 24. Raf1 Kh6 25. gxf5 Re8 26. Rh3# 1-0